| 000 | 00509cam a2200193ua 4500 | ||
|---|---|---|---|
| 001 | 5474 | ||
| 008 | 120927n ii |||gr||||Z||||||eng | ||
| 020 | _a81-237-0151-9 | ||
| 040 | _cMAIN | ||
| 082 | _a305.8 | ||
| 100 | 1 |
_aPrasad, Ram Chandra, _eAuthor. |
|
| 245 | 1 | 0 |
_aBihar _cby Ram Chandra Prasad |
| 250 |
_a2nd rep. / _bIndia-The land the people. |
||
| 260 |
_aNew Delhi: _bNational book trust, India, _c2003. |
||
| 300 | _aviii, 208p. | ||
| 653 | _aSociology | ||
| 653 | _aPeople of Bihar | ||
| 942 | _cBK | ||
| 999 |
_c4653 _d4653 |
||